Statistics for Video Games by Loading Screen

Click here to take the quiz!

General Stats

  • This quiz has been taken 70 times
  • The average score is 6 of 16

Answer Stats

Answer% Correct
Fallout
93%
Mortal Kombat 3
88%
Overwatch
72%
Half-Life
71%
Grand Theft Auto III
64%
Dead by Daylight
53%
The Elder Scrolls V: Skyrim
52%
Hitman: Codename 47
36%
Bioshock Infinite
29%
Earthworm Jim
28%
Heavy Rain
16%
Duke Nukem 3D
12%
Need for Speed: Most Wanted
10%
Diablo II
7%
American McGee's Alice
2%
Battlefield 2
2%

Score Distribution

Percentile by Number Answered

Percent of People with Each Score

Your Score History

You have not taken this quiz